Software evolution and maintenance : (Record no. 7863)

MARC details
000 -LEADER
fixed length control field 01267cam a2200349 i 4500
001 - CONTROL NUMBER
control field 18298051
003 - CONTROL NUMBER IDENTIFIER
control field .
005 - DATE AND TIME OF LATEST TRANSACTION
control field 20260106132804.0
008 - FIXED-LENGTH DATA ELEMENTS--GENERAL INFORMATION
fixed length control field 140911t20152015njua b 001 0 eng
010 ## - LIBRARY OF CONGRESS CONTROL NUMBER
LC control number 2014033541
020 ## - INTERNATIONAL STANDARD BOOK NUMBER
International Standard Book Number 9780470603413
Qualifying information cloth
020 ## - INTERNATIONAL STANDARD BOOK NUMBER
International Standard Book Number 9780470603413
Qualifying information cloth
035 ## - SYSTEM CONTROL NUMBER
System control number 18298051
040 ## - CATALOGING SOURCE
Original cataloging agency DLC
Language of cataloging eng
Transcribing agency DLC
Description conventions rda
Modifying agency DLC
042 ## - AUTHENTICATION CODE
Authentication code pcc
050 00 - LIBRARY OF CONGRESS CALL NUMBER
Classification number QA76.76.S64
Item number T75 2015
082 00 - DEWEY DECIMAL CLASSIFICATION NUMBER
Classification number 005.1 T833 2015
100 1# - MAIN ENTRY--PERSONAL NAME
Personal name Tripathy, Priyadarshi,
245 10 - TITLE STATEMENT
Title Software evolution and maintenance :
Remainder of title a practitioner's approach /
Statement of responsibility, etc. Priyadarshi Tripathy
264 #1 - PRODUCTION, PUBLICATION, DISTRIBUTION, MANUFACTURE, AND COPYRIGHT NOTICE
Place of production, publication, distribution, manufacture Hoboken, New Jersey ;
Name of producer, publisher, distributor, manufacturer Wiley,
Date of production, publication, distribution, manufacture, or copyright notice [2015]
300 ## - PHYSICAL DESCRIPTION
Extent 393 p
Dimensions 25 cm
336 ## - CONTENT TYPE
Content type term text
Source rdacontent
337 ## - MEDIA TYPE
Media type term unmediated
Source rdamedia
338 ## - CARRIER TYPE
Carrier type term volume
Source rdacarrier
504 ## - BIBLIOGRAPHY, ETC. NOTE
Bibliography, etc. note Includes bibliographical references and index.
650 #0 - SUBJECT ADDED ENTRY--TOPICAL TERM
Topical term or geographic name entry element Software maintenance.
700 1# - ADDED ENTRY--PERSONAL NAME
Personal name Naik, Kshirasagar,
Dates associated with a name 1959-
776 08 - ADDITIONAL PHYSICAL FORM ENTRY
Relationship information Online version:
Main entry heading Tripathy, Priyadarshi, 1958-
Title Software evolution and maintenance
Place, publisher, and date of publication Hoboken, New Jersey : John Wiley & Sons Inc., [2015]
International Standard Book Number 9781118960295
Record control number (DLC) 2014036409
906 ## - LOCAL DATA ELEMENT F, LDF (RLIN)
a 7
b cbc
c orignew
d 1
e ecip
f 20
g y-gencatlg
942 ## - ADDED ENTRY ELEMENTS (KOHA)
Source of classification or shelving scheme Dewey Decimal Classification
Koha item type English Book
Suppress in OPAC No
Holdings
Withdrawn status Lost status Source of classification or shelving scheme Damaged status Not for loan Home library Current library Date acquired Total Checkouts Full call number Barcode Date last seen Price effective from Koha item type
    Dewey Decimal Classification     KHOBAR KHOBAR 07/28/2025   005.1 T833 2015 1000000035011 07/28/2025 07/28/2025 English Book
    Dewey Decimal Classification     KHOBAR KHOBAR 07/28/2025   005.1 T833 2015 1000000035012 07/28/2025 07/28/2025 English Book